00283nam a2200121Ia 4500008004100000100001400041245002500055260003400080300000900114650001300123942000800136999001700144190216s9999||||xx |||||||||||||| ||und|| aOommen Kj 0aPrarambhika Topology bKerala Bhasha Institutec1974 a256p aTopology cREF c35435d35435